NBA Teams by Public Transit Logo - Statistics

General Stats
  • This quiz has been taken 5 times
  • The average score is 11 of 28
Answer Stats
Picture Answer % Correct
Memphis Grizzlies
100%
Indiana Pacers
80%
Milwaukee Bucks
80%
Utah Jazz
80%
Brooklyn Nets | New York Knicks
60%
Chicago Bulls
60%
Atlanta Hawks
40%
Boston Celtics
40%
Charlotte Hornets
40%
Cleveland Cavaliers
40%
Dallas Mavericks
40%
Golden State Warriors
40%
Miami Heat
40%
Oklahoma City Thunder
40%
Philadelphia 76ers
40%
Portland Trail Blazers
40%
Denver Nuggets
20%
Detroit Pistons
20%
Houston Rockets
20%
Los Angeles Clippers | Los Angeles Lakers
20%
Minnesota Timberwolves
20%
New Orleans Pelicans
20%
Orlando Magic
20%
Phoenix Suns
20%
Sacramento Kings
20%
San Antonio Spurs
20%
Toronto Raptors
20%
Washington Wizards
20%
No matching quizzes found
Score Distribution
Percent of People with Each Score
Percentile by Number Answered
Your Score History
You have not taken this quiz